000
00299nam a22001217a 4500
008
230703b xxu||||| |||| 00| 0 eng d
020
_a
0198765258
082
_2
8
_a
342.06
_b
WAD 2000
245
_a
Administrative Law
260
_b
Oxford University Press
_c
2000
300
_a
XC,1027p
942
_2
ddc
_c
BK
999
_c
3541
_d
3541